[Event "USA-ch Juniors 2020"]
[Site "Saint Louis"]
[Date "2020.10.13"]
[Round "2.4"]
[White "Sheng, Joshua"]
[Black "Burke, John M"]
[Result "0-1"]
[WhiteElo "2474"]
[BlackElo "2538"]
[Annotator "TA"]
[PlyCount "72"]
[EventDate "2020.10.13"]
[EventType "tourn"]
[EventCountry "USA"]
[SourceTitle "playchess.com"]
[Source "ChessBase"]
[SourceQuality "1"]

{[%evp 12,72,13,0,0,0,28,21,12,8,12,0,16,-11,18,0,0,0,0,0,0,-20,-32,-11,0,-39,-20,-14,-23,-17,0,-69,0,-20,-15,-22,-30,-201,-192,-183,-192,-337,-332,-704,-706,-893,-874,-845,-782,-758,-772,-763,-644,-764,-743,-745,-741,-793,-786,-29989,-29990,-29994,-29995]} 1. c4 e5 2. Nc3 Nf6 3. Nf3 Nc6 4. e3 Bb4 5. Qc2 Bxc3 6. Qxc3 Qe7 7. a3 {7.b3 is setting a new trend. Played by Hikaru Nakamura in May 2020.} O-O {A28: English Opening: Four Knights Variation.} 8. b4 {[%cal Bb2b4,Bb4b5][%mdl 32]} d6 9. Bb2 Bg4 {The position is equal.} 10. d3 {[#]} a5 $146 ({Predecessor:} 10... Rad8 11. Be2 Rfe8 12. h3 Bh5 13. O-O h6 14. Rfe1 Nb8 15. e4 Bxf3 16. Bxf3 c5 {0-1 (43) Cezila,R (2314)-Petrosyan,M (2628) chess.com INT 2020}) 11. b5 Nb8 {[%cal Bc6b8,Bb8d7,Bd7c5,Bc5d3][%mdl 32]} 12. h3 Bh5 13. g4 Bg6 14. Nh4 Nbd7 15. Nxg6 fxg6 16. g5 Nh5 17. h4 $1 ({But not} 17. Bg2 Qxg5 18. Bxb7 Rxf2 $17) 17... Nc5 18. Qc2 Qf7 19. Rh2 $1 {[#]} Ng3 $1 {[%mdl 512]} 20. Bh3 $1 (20. fxg3 Qxf1+) 20... Qf3 $36 {[%mdl 2048] Black fights for an advantage.} 21. Rd1 (21. Qd1 $1 $11) 21... e4 (21... Nf5 $5 {[%cal Rf5e3]} 22. Qe2 Nxh4 $15) 22. d4 Nd3+ $1 23. Rxd3 $1 exd3 24. Qxd3 $2 {[#] This costs White the game.} (24. Be6+ $11 {and White is okay.} Kh8 25. Qxd3) 24... Rae8 $19 25. Bc1 Re4 26. Qc2 (26. Qd1 $142 Qf4 27. Rg2) 26... Nf5 27. Qd1 $2 (27. Bxf5 Qxf5 28. Qe2) 27... Nxd4 28. Qd3 Rxh4 29. Bb2 Rxh3 30. Qxd4 Rf7 31. Rxh3 Qxf2+ 32. Kd1 Qf1+ 33. Kc2 Qxh3 34. Kb3 Qf5 35. Qa7 Qd3+ 36. Bc3 Qd1+ {Av CentiPawn Loss W=-78/B=-8. Weighted=-123/-8} 0-1

[Event "USA-ch Juniors 2020"]
[Site "Saint Louis"]
[Date "2020.10.13"]
[Round "2.5"]
[White "Yoo, Christopher Woojin"]
[Black "Tiglon, Bryce"]
[Result "1-0"]
[WhiteElo "2455"]
[BlackElo "2393"]
[Annotator "TA"]
[PlyCount "133"]
[EventDate "2020.10.13"]
[EventType "tourn"]
[EventCountry "USA"]
[SourceTitle "playchess.com"]
[Source "ChessBase"]
[SourceQuality "1"]

{[%evp 9,133,0,8,0,7,6,23,22,26,16,12,0,0,-4,-3,-15,-3,-25,-27,-18,-23,-22,-27,-22,-12,-23,-7,-33,-10,-38,-12,-14,0,-10,-10,-10,-2,-56,-58,-64,-41,-39,0,0,0,0,43,8,9,22,18,18,17,6,17,16,16,16,45,12,7,17,36,31,169,44,452,472,594,585,769,91,167,78,78,78,78,62,79,68,90,90,101,101,108,108,101,102,166,96,101,25,447,440,477,470,470,457,443,443,425,385,366,360,569,552,513,466,397,0,399,0,740,712,29974,29975,29973,29976,29976,29977,29977,29978,29974,29978,29975,29975]} 1. e4 c5 2. Nc3 d6 3. Bb5+ Bd7 4. Bxd7+ Qxd7 5. d4 cxd4 $1 6. Qxd4 {B23: Closed Sicilian: Lines without g3.} Nc6 7. Qd3 Rc8 8. Nf3 {White has an edge.} g6 9. O-O Bg7 {[#]} 10. Re1 $146 ({Predecessor:} 10. Nd5 e6 11. Ne3 Nge7 12. c3 O-O 13. Rd1 Rcd8 14. b3 d5 15. Ba3 Rfe8 16. Rac1 {½-½ (38) Stearman,J (2349)-Stremavicius,T (2529) Charlotte 2020}) 10... Nf6 11. a3 O-O 12. Nd5 Ng4 13. Rd1 Nge5 14. Nxe5 Nxe5 15. Qe2 e6 16. Nb4 Nc4 17. c3 Qc7 18. Bf4 Rfd8 19. h4 h6 20. Rab1 Qb6 21. Rd3 Qb5 22. a4 Qb6 23. Rg3 (23. Rdd1 $11) 23... a5 $15 24. Nd3 e5 25. Be3 Qc6 {aiming for ...d5.} 26. b3 $36 {[%mdl 2048] White has some pressure.} Nxe3 27. Rxe3 b5 28. Nb2 {[%cal Bd3b2,Bb2a4,Ba4c3,Bc3d5][%mdl 32]} bxa4 29. Nxa4 d5 30. exd5 Rxd5 31. h5 g5 32. c4 Rd4 33. Nc3 f5 34. Rxe5 Bxe5 35. Qxe5 {[%mdl 64] Double Attack} Qd6 $1 {[%cal Rd6e5]} 36. Qxa5 Rd3 (36... Re8 $14) 37. Re1 ({Stronger than} 37. Qxf5 Rf8 $11) (37. Nd5 $18) 37... Rb8 $2 {[%mdl 8192]} (37... Qc5 $14 38. Qa1 Rd2) 38. Nd5 $18 Rdxb3 39. Ne7+ {[%mdl 64] Double Attack} Kh8 {Now ...Rb1 and Black clings on.} 40. Nxf5 $2 (40. c5 $18 {and the rest is easy.} Qf6 41. c6) 40... Qf6 (40... Ra3 $16) 41. Qd5 (41. Re4 $1 $18 {is more deadly.}) 41... Rb1 $16 42. Rxb1 Rxb1+ {[%mdl 4096] Endgame KQR-KQN} 43. Kh2 Re1 44. g4 Re5 45. Qa8+ Kh7 46. Qb7+ Kg8 47. Qc8+ Kh7 48. Qd7+ Kg8 {[#]} (48... Kh8 $16 49. Kg3 (49. Qc8+ Kh7 $16) 49... Re6 50. Qc8+ Kh7 51. Qb7+ Kg8) 49. Kg2 (49. c5 $1 $18 {[%mdl 512]} Re2 (49... Rxc5 50. Ne7+) 50. Kg2) 49... Kf8 50. Qh7 (50. Kh3 $16) 50... Re4 $2 {[%mdl 8192] White stays focused until the end.} (50... Rc5 $11) 51. Nxh6 $18 {[%mdl 64] Discovered Attack} Rf4 52. Qg8+ Ke7 53. Nf5+ Kd7 54. Qd5+ Kc7 55. f3 Qb2+ 56. Kg3 {Strongly threatening Qc5+.} Qc1 (56... Qe2 {keeps fighting.} 57. Qa5+ Kc8 58. Qc5+ Kd8 59. Qd5+ Kc7 60. Qc5+ Kd8 61. Qa5+ Kc8 62. Qa8+ Kc7 63. Qa7+ Kd8 64. Qb8+ Kd7 65. Qb7+ Kd8 66. Qd5+ Kc7) 57. Qc5+ Kb8 58. Qb6+ Ka8 {intending ...Rxf3+.} 59. h6 $2 ({White should play} 59. Qe3 $18 Qxe3 60. Nxe3) 59... Qe1+ $2 {[%mdl 8192]} (59... Rxf3+ $1 $11 60. Kxf3 Qf4+ 61. Kg2 Qg3+ 62. Kxg3 (62. Kf1 Qe1+ 63. Kg2 Qg3+ 64. Kh1 Qh2+ 65. Kxh2 $11)) 60. Kg2 $2 (60. Qf2 $18 Qh1 61. Nd6 Qh4+ 62. Kg2 Qxh6 63. Qa2+ Kb8 64. Qb3+ Kc7 65. Qb7+ Kd8 66. Qc8+ Ke7 67. Qc7+ Ke6 68. Nf5) 60... Qd2+ $2 {[%mdl 8192]} (60... Rxg4+ $11 61. Kh3 (61. fxg4 Qg3+ 62. Kh1 Qg2+ 63. Kxg2 $11) 61... Rf4 62. Qc6+ Kb8 63. Qb5+ Ka8 64. Qa6+ Kb8 65. Qb6+ Kc8 66. Qc5+ Kb8 67. Qf8+ {[#]} Kb7 $1 {[%mdl 512]} 68. Nd6+ Kc6 69. Qc8+ Kxd6 70. Qd8+ Kc6 $1 {[%mdl 512]} 71. Qc8+ Kb6 72. Qd8+ Kc6 $1 {[%mdl 512]} 73. Qc8+ Kd6 74. Qd8+ Kc6 $1 {[%mdl 512]}) 61. Qf2 Qd7 62. Qa2+ {White mates.} Kb8 63. Qb2+ Kc8 64. Qh8+ Kc7 65. Qg7 Rxc4 66. h7 Rc2+ 67. Kg3 {Av CentiPawn Loss W=-36/B=-64. Weighted=-47/-81} 1-0

[Event "USA-ch Juniors 2020"]
[Site "Saint Louis"]
[Date "2020.10.13"]
[Round "3.1"]
[White "Tiglon, Bryce"]
[Black "Sevian, Samuel"]
[Result "1/2-1/2"]
[WhiteElo "2393"]
[BlackElo "2660"]
[Annotator "TA"]
[PlyCount "153"]
[EventDate "2020.10.13"]
[EventType "tourn"]
[EventCountry "USA"]
[SourceTitle "playchess.com"]
[Source "ChessBase"]
[SourceQuality "1"]

{[%evp 11,153,1,30,14,28,24,33,26,35,35,40,36,59,44,50,30,69,57,108,25,46,24,114,-21,-11,-23,-15,-22,-22,-25,0,-14,25,29,18,0,0,0,0,0,0,0,0,0,0,0,0,0,0,0,0,-20,0,0,0,-66,-62,-89,-39,-137,-57,-56,-59,-64,-33,-63,-50,-80,-50,-20,0,-57,-60,-126,-32,-44,-29,-20,160,159,139,132,190,-339,0,0,387,372,368,0,0,0,219,191,471,0,597,715,859,845,791,710,779,798,777,45,45,52,64,45,58,69,120,29,1410,394,319,0,0,0,0,0,0,-95,-16,-17,-20,-35,-10,-14,-14,-17,0,0,0,0,0,0,0,0,0,0,0,0]} 1. e4 c5 2. Nf3 Nc6 3. Bb5 g6 4. O-O Bg7 5. Re1 Nf6 6. Bxc6 dxc6 7. h3 {B31: Sicilian: 2...Nc6 3 Bb5 g6.} Qc7 8. e5 Nd5 9. d3 {White is slightly better.} Bf5 {[#]} 10. Nbd2 $146 {[%cal Bb1d2,Bd2e4,Be4c5][%mdl 32]} ({Predecessor:} 10. a3 Qd7 11. Nbd2 h6 12. Ne4 b6 13. c4 Bxe4 14. Rxe4 Nc7 15. Qe2 O-O-O 16. d4 {½-½ (53) Dittmar,P (2294)-Nickel,R (2140) Bregenz 2017}) 10... Rd8 11. Ne4 Qb6 12. Qe2 O-O 13. a3 Nc7 {[#]} 14. b4 $1 {[%mdl 512]} cxb4 (14... Bxe4 $14 15. Qxe4 Ne6) 15. Be3 (15. axb4 $16 Na6 16. Bd2) 15... Qb5 $11 16. Nc5 Nd5 (16... b6 $11 {keeps the balance.} 17. a4 Qa5) 17. a4 (17. axb4 $16 Nxe3 18. Qxe3) 17... Qb6 {[#]} 18. Nd7 $1 {[%cal Rd7b6][%mdl 576] Discovered Attack} Qc7 (18... Rxd7 19. Bxb6) 19. Nxf8 Rxf8 20. Qd2 (20. Bxa7 b6 $17) 20... Rd8 21. Bh6 (21. Bxa7 b6 $17) 21... Bh8 22. Qg5 c5 23. Qh4 a5 24. Bd2 {Ng5 is the strong threat.} Bg7 25. Bh6 Bh8 26. Bd2 Bg7 27. Bh6 c4 28. Bxg7 Kxg7 29. Nd4 cxd3 30. Nxf5+ gxf5 31. cxd3 Kh8 32. Rac1 Nc3 33. Qh6 (33. Kh2 $11) 33... Qc6 $36 {[%mdl 3072] Black has compensation. Black is more active.} 34. Qf4 Rg8 {[%csl Gg8][%cal Rc6g2]} 35. f3 ({Better is} 35. g3 $15) 35... Qb6+ (35... Qxa4 $17 36. Qc4 (36. Rxc3 $2 Qa2 $19) 36... Qc6 37. Qxc6 bxc6 38. Rxc3 bxc3) 36. d4 Qg6 {[%csl Gg8][%cal Rg6g2]} (36... Nxa4 37. e6 $11) 37. g4 Nd5 38. Qd2 b6 39. Kf2 f4 40. h4 Qh6 41. Rh1 (41. h5 $11) 41... Qe6 42. Rhg1 (42. Qd3 $15) 42... Nc3 (42... Qd7 $1 $17 43. Ra1 Ne3) 43. Rc2 Qb3 44. Rgc1 Ne4+ $2 (44... Qxa4 $11 45. Qxf4 Qb3) 45. fxe4 $16 Qg3+ 46. Ke2 Rxg4 (46... b5 $16 {was worth a try.} 47. d5 (47. axb5 Qxg4+ 48. Ke1 Qg1+ 49. Ke2 Qg4+ 50. Kf2 Qg2+ 51. Ke1 Qh1+ 52. Ke2 Rg2+ 53. Kd3 Qh3+ 54. Kc4 Rxd2 $19) 47... bxa4) 47. h5 $4 {[%mdl 8192]} (47. Re1 $1 $18 {was the only winning move.}) 47... Qh3 $2 (47... Rh4 $19 48. Qe1 Rh2+ 49. Kd1 Qf3+ 50. Re2 Rh1) 48. Rf1 $1 $11 {Threatens to win with Ke1.} b3 $2 {[%mdl 8192]} (48... f3+ $1 $11 49. Rxf3 {[%mdl 64] Double Attack} Rxe4+ 50. Re3 Qg4+ 51. Ke1 Qg1+ 52. Ke2 Qg4+ {[%mdl 64] Double Attack} 53. Ke1 Qg1+ 54. Ke2 Qg4+ {[%mdl 64] Double Attack}) 49. Rc8+ $18 Kg7 50. h6+ $2 (50. Ke1 $1 $18) 50... Qxh6 $11 {Hoping for ...Rg2+.} 51. Rf2 Qh3 $2 (51... Qg6 $11 52. Rc3 Qxe4+ 53. Kf1 b5 $1 {[%mdl 512]} 54. Rxb3 bxa4) 52. Rc3 $1 $18 {[%cal Rc3h3]} Qh1 $2 (52... Rg3 53. Rxg3+ (53. Qxf4 Rxc3 54. Qxf7+ {[%mdl 64] Double Attack} Kh6 $11) (53. Rcf3 Rxf3 54. Rxf3 Qg2+ 55. Rf2 Qxe4+ 56. Kd1 Qb1+ 57. Qc1 Qd3+ 58. Qd2 Qb1+ 59. Qc1 Qd3+ 60. Ke1 Qe4+ 61. Re2 Qxd4 $16) 53... fxg3) 53. Kd3 $2 (53. Rcf3 $18) 53... b5 $2 {[%mdl 8192]} (53... b2 $11 {and Black stays safe.} 54. Qxb2 Qd1+ 55. Kc4 Qxa4+ 56. Kd3 Qd1+ 57. Kc4 (57. Qd2 Rg3+ 58. Kc4 Qa4+ 59. Kd5 Rxc3 $11) 57... Qa4+ 58. Kd3 Qd1+ 59. Kc4 (59. Qd2 Rg3+ 60. Kc4 Qa4+ 61. Kd5 Rxc3 62. Qxc3 Qb5+ 63. Qc5 bxc5 64. dxc5 Qd7+ 65. Kc4 Qa4+ 66. Kd5 Qd7+ 67. Kc4 Qa4+ 68. Kd5 Qd7+) 59... Qa4+) 54. axb5 a4 55. Kc4 Qxe4 56. Qe2 Qg6 57. Kb4 Rg1 58. Rxf4 $2 (58. Kxa4 $18 b2 59. Qxb2) 58... b2 $1 $14 {[%cal Rb2b1]} 59. Qxb2 Rb1 60. Rf2 Rxb2+ 61. Rxb2 {[%mdl 4096] Endgame KQ-KRR} Qe4 (61... h5 $14) 62. Rc4 (62. Ka3 $16) 62... Qd3 $2 {[%mdl 8192]} (62... Qd5 $11) 63. b6 $2 (63. Rg2+ Kh6 64. Rc3 Qb1+ 65. Kxa4 Qd1+ 66. Kb4 Qb1+ 67. Kc5) 63... a3 $18 {[#]} 64. Ra2 $2 ({White has to play} 64. Rb3 $1 $18 {[%cal Rb3d3]} Qe4 65. Rg3+ (65. Kxa3 Qa8+ 66. Kb2 Qg2+ 67. Rc2 Qb7 $18) 65... Kh6 66. Rxa3) 64... Qb1+ $11 {[%mdl 64] Double Attack} 65. Kxa3 {Black must now prevent Rg2+.} Qxb6 66. Rg2+ Kh6 67. Rb4 {[#]} (67. Rg3 $11) 67... Qa6+ ({Black should play} 67... Qa5+ $1 $17 68. Ra4 Qc3+ 69. Ka2 Qf3) 68. Kb2 {Strongly threatening Rb3.} Qf1 69. Rb6+ e6 (69... f6 $5 {[%cal Rf1g2]} 70. Rd2 Qf4 $17) 70. Rh2+ {The position is equal.} Kg7 71. Rb3 Qf4 72. Rg2+ Kf8 73. Rb8+ Ke7 74. Rb7+ Kf8 75. Rb8+ Ke7 76. Rb7+ Kf8 77. Rb8+ {Av CentiPawn Loss W=-61/B=-56. Weighted=-73/-94} 1/2-1/2

[Event "USA-ch Juniors 2020"]
[Site "Saint Louis"]
[Date "2020.10.13"]
[Round "3.2"]
[White "Burke, John M"]
[Black "Yoo, Christopher Woojin"]
[Result "1-0"]
[WhiteElo "2538"]
[BlackElo "2455"]
[Annotator "TA"]
[PlyCount "59"]
[EventDate "2020.10.13"]
[EventType "tourn"]
[EventCountry "USA"]
[SourceTitle "playchess.com"]
[Source "ChessBase"]
[SourceQuality "1"]

{[%evp 15,59,18,25,16,20,20,38,37,15,31,54,37,50,33,77,54,95,87,88,82,160,158,199,196,295,298,258,204,387,384,369,372,554,389,866,393,1087,1068,1156,1081,2077,2195,2000,2004,29962,5722]} 1. e4 e6 2. d4 d5 3. Nd2 Be7 4. Ngf3 Nf6 5. e5 Nfd7 6. Bd3 c5 7. c3 Nc6 8. O-O g5 {The main line 8...g5 scores better than 8...a5.} 9. Qe2 {C06: French Tarrasch: 3...Nf6 4 e5 Nfd7 5 Bd3 main lines.} h5 10. Qe3 Qb6 11. b4 $1 {[%cal Rb4c5] White is slightly better.} cxd4 12. cxd4 Nxb4 13. Rb1 {Hoping for a3.} Qa5 $1 {[#]} 14. Rxb4 $5 $146 {[%mdl 8] New and interesting.} ({Predecessor:} 14. Be2 g4 15. Ne1 Nb6 16. Nb3 Qa4 17. Nc5 Bxc5 18. dxc5 Nc4 19. Qg5 Qxa2 20. Qg7 Qxb1 21. Qxh8+ {½-½ (30) Xiong,J (2634)-Van Foreest,J (2629) Wijk aan Zee 2018}) 14... Qxb4 15. Nxg5 Nb8 16. Ndf3 {[%mdl 1024] White has strong compensation.} Nc6 17. Qf4 Rf8 {[#]} ({Black should play} 17... Bxg5 18. Qxg5 b6) 18. Nh7 $1 $16 Rg8 {[#]} 19. Nfg5 $1 Rg7 (19... Bxg5 {is a better defense.} 20. Nxg5 Qe7) 20. Nf6+ $18 Kd8 21. Be3 a5 $2 (21... Bd7 {keeps fighting.}) 22. h4 Bd7 23. Nxh5 Rg8 (23... Bxg5 $142 24. hxg5 Rg8 25. Qxf7 Rf8) 24. Nf6 Bxf6 $2 (24... Rf8 25. Ngh7 Bxf6 26. Nxf8 (26. exf6 Rg8 $16) (26. Nxf6 Qa3 $18) 26... Qxf8) 25. exf6 (25. Nxf7+ $142 Kc7 26. exf6+ {[%mdl 64] Discovered Attack} e5 27. Nxe5) 25... Be8 $2 (25... Qf8 26. Rb1 Kc8) 26. Rb1 e5 27. Qf5 Qc3 28. Rxb7 Rxg5 29. hxg5 Nxd4 30. Bxd4 {Black did not feel at home in the position after the opening. Av CentiPawn Loss W=-78/B=-176. Weighted=-72/-213} ({But not} 30. Qxe5 $2 Qa1+ 31. Kh2 (31. Rb1 $2 Nf3+ 32. gxf3 Qxe5 $19) 31... Nf3+ {[%mdl 64] Discovered Attack} 32. gxf3 Qxe5+ $19) 1-0

[Event "USA-ch Juniors 2020"]
[Site "Saint Louis"]
[Date "2020.10.13"]
[Round "3.3"]
[White "Shen, Christopher"]
[Black "Sheng, Joshua"]
[Result "1/2-1/2"]
[WhiteElo "2354"]
[BlackElo "2474"]
[Annotator "TA"]
[PlyCount "82"]
[EventDate "2020.10.13"]
[EventType "tourn"]
[EventCountry "USA"]
[SourceTitle "playchess.com"]
[Source "ChessBase"]
[SourceQuality "1"]

{[%evp 9,82,26,20,23,29,35,34,34,36,30,40,0,17,0,7,0,0,0,0,0,11,0,0,0,16,16,15,0,0,0,0,-14,-9,-25,-39,-35,-33,-41,-35,-49,0,-11,0,9,81,41,148,159,169,152,163,154,217,147,143,37,37,37,37,37,37,31,37,30,30,30,30,30,30,0,30,0,30,0,26]} 1. d4 d5 2. c4 e6 3. Nf3 a6 4. cxd5 exd5 5. Nc3 Nf6 6. Bg5 {D37: Queen's Gambit Declined: 5 Bf4.} Be6 7. e3 Nbd7 8. Bd3 {White is slightly better.} Bd6 9. O-O O-O 10. Rc1 c6 11. Bh4 (11. h3 {is more complex.} Qc7 12. Ne2 Ne4 13. Bf4 Rfe8 14. Qc2) 11... h6 12. Bg3 Bxg3 13. hxg3 {[#]} Ne8 $146 ({Predecessor:} 13... Qc7 14. Qc2 Rfe8 15. Rfe1 Qd6 16. Na4 Rac8 17. Nc5 Nxc5 18. Qxc5 Qc7 19. Ne5 Nd7 20. Nxd7 Qxd7 {½-½ (91) Guo,Q (2447)-Ju,W (2559) Yangzhou 2016}) 14. Na4 Nd6 15. Nc5 Re8 16. Ne5 Rb8 17. Nexd7 Bxd7 18. a4 Bf5 19. Bxf5 Nxf5 20. Qd2 Qg5 21. Rc3 h5 22. Rb3 h4 23. gxh4 $1 Nxh4 {[%csl Gh4][%cal Rg5g2] [#]} 24. f3 Re7 25. Qf2 Rbe8 {[%cal Re7e3]} 26. e4 $1 Qh5 (26... dxe4 $11 27. fxe4 b6 28. Rxb6 Rd8) 27. e5 (27. Rxb7 Rxb7 28. Nxb7 Re6 $17) 27... b5 ({Black should try} 27... f6 $14) 28. a5 $16 Nf5 29. Rd3 ({Much less strong is} 29. Nxa6 $6 Re6 $14) 29... f6 30. f4 ({Not} 30. Nxa6 $2 fxe5 31. dxe5 Rxe5 $19) 30... g6 (30... Kf7 $16 31. Nxa6 Ra7) 31. Qf3 {Hoping for g4.} Qh6 32. Qh3 (32. Qd1 $16) 32... Qxh3 $14 33. gxh3 Ra7 34. b4 Kf7 35. Rf2 Rh8 36. Rg2 Rh4 37. Rg4 Rh6 38. Kh2 Ke7 39. Kg1 Kf7 40. Kh2 Ke7 41. Kg1 Kf7 {Av CentiPawn Loss W=-10/B=-13. Weighted=-13/-13} 1/2-1/2

[Event "USA-ch Juniors 2020"]
[Site "Saint Louis"]
[Date "2020.10.13"]
[Round "3.4"]
[White "Checa, Nicolas"]
[Black "Xiong, Jeffery"]
[Result "0-1"]
[WhiteElo "2527"]
[BlackElo "2709"]
[Annotator "TA"]
[PlyCount "110"]
[EventDate "2020.10.13"]
[EventType "tourn"]
[EventCountry "USA"]
[SourceTitle "playchess.com"]
[Source "ChessBase"]
[SourceQuality "1"]

{[%evp 9,110,47,69,48,71,53,56,56,56,45,41,22,27,24,27,34,20,36,43,43,37,33,47,16,23,30,23,0,0,0,0,8,18,29,11,12,33,6,6,6,13,0,0,0,19,10,23,0,16,0,0,0,0,0,0,0,0,0,0,0,0,0,0,0,0,0,0,0,0,0,0,0,0,0,0,0,0,-6,-6,-6,0,0,0,-6,-6,-6,-6,-8,-8,-148,-15,-9,0,-596,-572,-529,-414,-12829,-471,-640,-481,-1113,-460]} 1. d4 g6 2. c4 Bg7 3. Nf3 e6 4. Nc3 Ne7 5. Bf4 d6 6. Qd2 {A40: Unusual replies to 1 d4.} h6 7. h3 Nd7 8. e4 {White is slightly better.} b6 9. Be2 Bb7 10. O-O g5 {[#]} 11. Be3 $146 ({Predecessor:} 11. Bh2 Ng6 12. Rfd1 g4 13. hxg4 Nf6 14. Qc2 Nxg4 15. Qa4+ Kf8 16. c5 Nxh2 17. Kxh2 {0-1 (53) Streich,G (2167)-Buerckner,H (2154) Germany 2014}) 11... f5 12. exf5 Nxf5 13. d5 exd5 14. Nd4 Bxd4 15. Bxd4 Nxd4 16. Qxd4 Qf6 17. Qe3+ Qe5 18. Qxe5+ Nxe5 19. cxd5 Rf8 20. Nb5 Kd7 21. Rac1 Rfc8 22. Nc3 Rf8 23. g3 a6 24. f4 gxf4 25. gxf4 Ng6 $1 26. Bg4+ Kd8 $1 27. f5 Ne5 28. Kh2 b5 29. a3 Kd7 30. Bh5 Rg8 31. Rg1 Raf8 32. Rxg8 Rxg8 33. Rf1 Kd8 34. f6 Rf8 35. Kg3 Nd7 36. f7 Ke7 37. Re1+ Ne5 38. Kf4 Bc8 39. h4 Kd8 {[#] aiming for ...Nd3+.} 40. Rxe5 $1 dxe5+ 41. Kxe5 $11 {[%mdl 4096] Endgame Black must now prevent Kf6. KRB-KBN} Ke7 42. Ne4 Rd8 43. Nc5 Rd6 {[#] Threatens to win with ...Rf6.} 44. Ne4 $1 $132 {[%mdl 2048] White is fighting back} Rd8 45. Nc5 a5 46. b4 axb4 47. axb4 Rd6 {Black wants to play ...Rf6.} 48. Ne4 Ra6 49. Nc3 (49. Kd4 $11 {remains equal.}) 49... Bd7 ({Black should try} 49... Rf6 $17 {And now ...Rf5+ would win.} 50. Ke4 Bd7) 50. Ne4 Ra1 51. d6+ $2 {[%mdl 8192]} (51. Nf6 $1 $11 {and White has nothing to worry.} Re1+ 52. Kd4) 51... cxd6+ $19 52. Nxd6 Re1+ 53. Ne4 (53. Kd5 $142 Rh1 54. Be2) 53... Be6 (53... Bc6 $142 54. Bg6 Re2) 54. Kf4 Rf1+ 55. Ke5 (55. Bf3 $142 Bxf7 56. Ng3) 55... Rf5+ {[%mdl 64] Double Attack. Av CentiPawn Loss W=-53/B=-44. Weighted=-63/-51} 0-1

[Event "USA-ch Juniors 2020"]
[Site "Saint Louis"]
[Date "2020.10.13"]
[Round "3.5"]
[White "Jacobson, Brandon"]
[Black "Balakrishnan, Praveen"]
[Result "1-0"]
[WhiteElo "2487"]
[BlackElo "2485"]
[Annotator "TA"]
[PlyCount "87"]
[EventDate "2020.10.13"]
[EventType "tourn"]
[EventCountry "USA"]
[SourceTitle "playchess.com"]
[Source "ChessBase"]
[SourceQuality "1"]

{[%evp 9,87,11,20,16,19,20,22,21,10,4,50,54,156,150,142,140,139,144,142,140,146,129,160,162,220,221,221,221,224,227,219,224,243,161,229,114,184,179,179,176,337,337,336,336,337,336,330,329,330,321,351,276,486,489,482,472,513,496,603,613,604,601,742,724,696,685,969,966,1506,1518,2743,2693,2479,2308,2256,2214,9404,7206,29983,29984]} 1. d4 Nf6 2. Nf3 d5 3. c4 e6 4. g3 Bb4+ 5. Bd2 Bd6 6. Bg2 {E01: Catalan: Early deviations.} c6 7. O-O O-O 8. Qb3 {The position is equal.} Nbd7 9. Nc3 b6 10. e4 {[#]} Ba6 $146 (10... dxe4 $14 11. Ng5 Bb7) ({Predecessor:} 10... Nxe4 11. Nxe4 dxe4 12. Ng5 Nf6 13. Nxe4 Nxe4 14. Bxe4 Bb7 15. Bg2 Qc7 16. Rfd1 c5 17. Bxb7 Qxb7 18. Be3 Rac8 19. d5 e5 20. f3 f5 {½-½ (20) Fridman,D (2569)-Ovsejevitsch,S (2533) Griesheim 2006}) 11. cxd5 $16 exd5 12. e5 $36 {[%mdl 2112] Black must now prevent Rfe1. Double Attack. White is on the roll.} ({Inferior is} 12. exd5 Bxf1 13. Bxf1 Nxd5 $11) 12... Bxf1 13. Bxf1 Ne4 14. exd6 {Nxe4 is the strong threat.} Nxd2 15. Nxd2 Nf6 16. Qa3 {Strongly threatening Nf3.} Ne8 {[#]} (16... Qd7 $142 17. Re1 Rfd8) 17. Nf3 $1 $18 f6 18. Ne2 Qxd6 19. Qxd6 Nxd6 20. Rc1 Nc4 21. Nf4 g5 (21... Nxb2 $142 22. Rxc6 Rfc8) 22. Ne6 ({Less strong is} 22. Bxc4 dxc4 23. Ne2 b5 $14) (22. Nh5 $18 {has better winning chances.}) 22... Rf7 (22... Rfc8 $16 {might work better.}) 23. Bxc4 dxc4 24. Rxc4 Rc8 $2 (24... Re8 {was called for.}) 25. d5 c5 {Black hopes to continue with ...Rd7.} 26. Nfd4 Rd7 {[#]} 27. Nf5 $1 Kf7 28. Ne3 Re8 29. a3 h5 30. h4 Kg6 $2 (30... Rxe6 31. dxe6+ Kxe6 32. Re4+ Kf7) 31. Re4 gxh4 32. Rxh4 Rh8 33. g4 Rdh7 34. gxh5+ Kf7 35. Rg4 f5 36. Ng5+ {[%mdl 64] Double Attack} Ke8 37. Nxf5 Rd7 38. Ne6 b5 39. h6 c4 40. Rg7 a5 41. Nc7+ Kd8 42. Nxb5 Rxd5 43. Nbd6 Rf8 44. h7 {Av CentiPawn Loss W=-41/B=-123. Weighted=-28/-79} 1-0